| 000 | 01233cam a2200265u 4500 | ||
|---|---|---|---|
| 001 | iwashitlersdocto00krue | ||
| 003 | CaSfIA | ||
| 005 | 20210118104053.0 | ||
| 007 | cr|||| | ||
| 008 | 821101s1943 nyuc 000 0 eng | ||
| 856 | 4 | 1 |
_uhttp://www.archive.org/details/iwashitlersdocto00krue _zFree eBook from the Internet Archive |
| 856 | 4 | 2 |
_uhttp://www.openlibrary.org/books/OL24211201M _zAdditional information and access via Open Library |
| 035 | _9(DLC) 43018061 | ||
| 010 | _a 43018061 | ||
| 040 |
_aDLC _cCarP _dDLC _dCaSfIA |
||
| 050 | 0 | 0 |
_aDD247.H5 _bK732 1943 |
| 100 | 1 |
_aKrueger, Kurt, _cphysician. [from old catalog] |
|
| 245 | 1 | 0 |
_aI was Hitler's doctor, from the German _h[electronic resource] |
| 260 |
_aNew York, _bBiltmore publishing co. inc. _c[1943] |
||
| 300 |
_axxiv, 25-322 p. _bincl. front. (group port.) _c22 cm. |
||
| 600 | 1 | 0 |
_aHitler, Adolf, _d1889-1945. |
| 942 | _cEB | ||
| 506 | _fНеобхідна авторизація на https://archive.org/ (створення облікового запису безкоштовно) | ||
| 506 | _fНеобхідна авторизація на https://openlibrary.org/ (створення облікового запису безкоштовно) | ||
| 999 |
_c513544 _d513544 |
||